Cost accounting :a managerial emphasis / (Record no. 2971)

000 -LEADER
fixed length control field 01143cam a22003254a 4500
001 - CONTROL NUMBER
control field 13759210
003 - CONTROL NUMBER IDENTIFIER
control field OSt
005 - DATE AND TIME OF LATEST TRANSACTION
control field 20160825154418.0
008 - FIXED-LENGTH DATA ELEMENTS--GENERAL INFORMATION
fixed length control field 041022s2006 njua b 001 0 eng
010 ## - LIBRARY OF CONGRESS CONTROL NUMBER
LC control number 2004061743
020 ## - INTERNATIONAL STANDARD BOOK NUMBER
International Standard Book Number 0131495380
035 ## - SYSTEM CONTROL NUMBER
System control number (OCoLC)ocm56840316
040 ## - CATALOGING SOURCE
Original cataloging agency DLC
Transcribing agency DLC
Modifying agency YDX
-- BAKER
-- NLGGC
-- DLC
042 ## - AUTHENTICATION CODE
Authentication code pcc
050 00 - LIBRARY OF CONGRESS CALL NUMBER
Classification number HF5686.H59 2006
082 00 - DEWEY DECIMAL CLASSIFICATION NUMBER
Classification number 658.15/11
Edition number 22
084 ## - OTHER CLASSIFICATION NUMBER
Classification number 85.25
Source of number bcl
100 1# - MAIN ENTRY--PERSONAL NAME
Personal name Horngren, Charles T.,
Dates associated with a name 1926-
245 10 - TITLE STATEMENT
Title Cost accounting :a managerial emphasis /
Statement of responsibility, etc Charles T. Horngren, Srikant M. Datar, George Foster.
250 ## - EDITION STATEMENT
Edition statement 12th ed.
260 ## - PUBLICATION, DISTRIBUTION, ETC. (IMPRINT)
Place of publication, distribution, etc Upper Saddle River, NJ :
Name of publisher, distributor, etc Pearson Prentice Hall,
Date of publication, distribution, etc c2006.
300 ## - PHYSICAL DESCRIPTION
Extent xxviii, 868 p. :
Other physical details ill. (some col.) ;
Dimensions 29 cm.
504 ## - BIBLIOGRAPHY, ETC. NOTE
Bibliography, etc Includes bibliographical references (p. 829-831) and indexes.
650 #0 - SUBJECT ADDED ENTRY--TOPICAL TERM
Topical term or geographic name as entry element Cost accounting.
700 1# - ADDED ENTRY--PERSONAL NAME
Personal name Datar, Srikant M.
700 1# - ADDED ENTRY--PERSONAL NAME
Personal name Foster, George.
906 ## - LOCAL DATA ELEMENT F, LDF (RLIN)
a 7
b cbc
c orignew
d 1
e ocip
f 20
g y-gencatlg
942 ## - ADDED ENTRY ELEMENTS (KOHA)
Source of classification or shelving scheme
Koha item type Book
Holdings
Withdrawn status Lost status Source of classification or shelving scheme Damaged status Not for loan Home library Current library Shelving location Date acquired Total Checkouts Full call number Barcode Date last seen Date checked out Copy number Price effective from Koha item type
          Riara University Library Riara University Library General stack 25/08/2016 1 HF5686.H59 2006 8329/16 12/07/2022 24/06/2022 C.1 25/08/2016 Book
          Riara University Library Riara University Library General stack 30/08/2016 2 HF5686.H59 2006 8255/16 05/07/2022 24/06/2022 C.2 30/08/2016 Book
          Riara University Library Riara University Library General stack 02/09/2016 1 HF5686.H59 2006 8376/16 01/07/2022 24/06/2022 C.3 02/09/2016 Book

Riara University Library,
P.O. Box 49940-00100,
Nairobi, Kenya.